Educational Theatre Journal

محفوظ في:

التنسيق: دورية

اللغة: Undetermined

منشور في: JSTOR
The Johns Hopkins University Press

الموضوعات:

الوصول للمادة أونلاين: Login to view Source

الوسوم: إضافة وسم

لا توجد وسوم, كن أول من يضع وسما على هذه التسجيلة!

رقم الطلب:

LEADER 00493nas a2200157Ia 4500
008 220214c99999999xx |||||||||||| ||und||
022 |a 0013-1989 
245 0 0 |a Educational Theatre Journal 
264 1 |b JSTOR 
264 1 |b The Johns Hopkins University Press 
362 0 |a Vol. 1(1949)-30 (1978) 
653 1 0 |a Performing Arts 
856 4 0 |u https://www.jstor.org/journal/eductheaj 
942 |c JL 
952 |0 0  |1 0  |4 0  |7 1  |9 34817  |a JSR  |b JSR  |d 2022-02-14  |l 0  |r 2022-02-14 00:00:00  |w 2022-02-14  |y JL 
999 |c 43150  |d 43150